000 00481nam a2200145Ia 4500
008 151213s9999 xx 000 0 und d
100 _aসৈয়দ আবুল মাসুদ
245 _aবিকেল বেলা
_cসৈয়দ আবুল মাসুদ
260 _aঢাকা
_bনলেজ হোম
_c1981
300 _a8398 p.
650 _aBangla
650 _aBengali Literature
700 _aসৈয়দ আবুল মাসুদ
999 _c4236
_d4236